[Event "Int. Championship of Central Serbia - OP"]
[Site "Paracin"]
[Date "2011.07.12"]
[Round "5.34"]
[White "Radovanovic, Nikola"]
[Black "Popovic, Djordje D"]
[Result "0-1"]
[WhiteElo "2096"]
[BlackElo "2259"]
[PlyCount "56"]
[EventDate "2011.07.08"]

1. d4 Nf6 2. c4 e5 3. dxe5 Ng4 4. Nf3 Bc5 5. e3 Nc6 6. b3 O-O 7. Be2 Bb4+ 8.
Bd2 Bxd2+ 9. Qxd2 Ngxe5 10. Nxe5 Nxe5 11. Nc3 d6 12. Nd5 Be6 13. O-O Re8 14.
Rad1 a5 15. Qc3 Nd7 16. Bf3 Nc5 17. Qc2 Bd7 18. Be2 Re5 19. Bd3 Rh5 20. f4 Nxd3
21. Qxd3 Qh4 22. Nxc7 Qxh2+ 23. Kf2 Rh3 24. Nxa8 Qg3+ 25. Kg1 Rh2 26. Rf2 Qh4
27. Kf1 Bg4 28. Ke1 Rh1+ 0-1

[Event "Int. Championship of Central Serbia - OP"]
[Site "Paracin"]
[Date "2011.07.12"]
[Round "5.36"]
[White "Pantelic, Sasa"]
[Black "Pregarac, Valter"]
[Result "1/2-1/2"]
[WhiteElo "2364"]
[BlackElo "2105"]
[Annotator ",WORKGROUP"]
[PlyCount "66"]
[EventDate "2011.07.08"]

1. d4 e6 2. c4 Nf6 3. Nc3 Bb4 4. Bg5 h6 5. Bh4 c5 6. d5 Bxc3+ 7. bxc3 d6 8. Nf3
e5 9. Qc2 g5 10. Bg3 Nbd7 11. e3 Qe7 12. Nd2 Nh5 13. Bd3 Ndf6 14. f3 Kd8 15.
Bf2 Kc7 16. O-O-O Bd7 17. h3 Rae8 18. Bf5 Bxf5 19. Qxf5 Ng7 20. Qc2 Nd7 21. e4
Nh5 22. Nf1 Nb6 23. Ne3 Qd7 24. Kb2 Ref8 25. h4 f6 26. Rh2 Ng7 27. g4 Qd8 28.
Qb3 Rfg8 29. Rdh1 Kb8 30. Qb5 Qe8 31. Kc2 Nc8 32. Rb1 Qe7 33. Rhh1 Qc7 {necitko
} 1/2-1/2

[Event "Int. Championship of Central Serbia - OP"]
[Site "Paracin"]
[Date "2011.07.12"]
[Round "5.38"]
[White "Gajovic, Dragan"]
[Black "Cvetanovic, Uros"]
[Result "1/2-1/2"]
[WhiteElo "2121"]
[BlackElo "2232"]
[PlyCount "120"]
[EventDate "2011.07.08"]

1. Nf3 c5 2. g3 Nc6 3. d4 cxd4 4. Nxd4 e5 5. Nb5 d6 6. c4 Be6 7. N5a3 a6 8. Nc3
f5 9. Bg2 Nf6 10. O-O Be7 11. e4 O-O 12. exf5 Bxf5 13. Nc2 Qd7 14. Ne3 Bh3 15.
Ncd5 Bxg2 16. Kxg2 Nxd5 17. Nxd5 Bd8 18. Be3 Qf5 19. f3 h5 20. h3 Qg6 21. Qd2
Bh4 22. Qf2 Rf7 23. Kh2 Bg5 24. Bb6 Qd3 25. Rad1 Qg6 26. h4 Bh6 27. Qe2 Raf8
28. Kg2 Bf4 29. Bf2 Bh6 30. Bb6 Qe6 31. Qe4 g5 32. hxg5 Bxg5 33. c5 Rg7 34.
cxd6 Qxd6 35. Rh1 Qh6 36. Nc7 Bd8 37. Be3 Bg5 38. Bb6 Bf4 39. Rh3 Ne7 40. Bf2
Nf5 41. Nd5 Qg5 42. Nxf4 exf4 43. Qe6+ Rgf7 44. Rd5 Qf6 45. Qxf6 Rxf6 46. gxf4
h4 47. Rd7 Rg6+ 48. Kf1 Rc8 49. Ke2 Rc2+ 50. Rd2 Rc4 51. b3 Re6+ 52. Kd1 Rxf4
53. Rd8+ Kf7 54. Rd7+ Re7 55. Rxe7+ Kxe7 56. Ke2 Kf7 57. a3 Kg6 58. Be3 Nxe3
59. Kxe3 Kg5 60. Rh1 Rf7 1/2-1/2

[Event "Int. Championship of Central Serbia - OP"]
[Site "Paracin"]
[Date "2011.07.12"]
[Round "5.40"]
[White "Perunovic, Ljubivoje"]
[Black "Kolbert, Engelbert"]
[Result "1-0"]
[WhiteElo "2006"]
[BlackElo "2161"]
[PlyCount "125"]
[EventDate "2011.07.08"]

1. d4 Nf6 2. Nf3 g6 3. Bg5 Bg7 4. Nbd2 d6 5. e4 Nbd7 6. c3 O-O 7. Bc4 c6 8. O-O
e5 9. dxe5 dxe5 10. Re1 h6 11. Bh4 b5 12. Bb3 g5 13. Bg3 Qe7 14. Qc2 a5 15. a4
Bb7 16. Nf1 bxa4 17. Bxa4 c5 18. N3d2 Nb6 19. Bb5 Rfd8 20. f3 Qc7 21. Nc4 Nxc4
22. Bxc4 Nd7 23. Ne3 Nb6 24. Red1 Bc6 25. Rxd8+ Qxd8 26. Bf2 a4 27. Rd1 Qe8 28.
Bd5 Rb8 29. Bxc6 Qxc6 30. Nd5 Nc8 31. Ra1 Rb3 32. c4 Bf8 33. Be1 Nd6 34. Bg3
Rb4 35. Nxb4 cxb4 36. Rxa4 Qc5+ 37. Bf2 Qxc4 38. Qxc4 Nxc4 39. b3 Nd2 40. Be1
Nxb3 41. Bxb4 Bg7 42. Ra8+ Kh7 43. Ra7 Kg6 44. Ra6+ Kh7 45. Kf2 Nd4 46. Be7 Ne6
47. Kg3 Nf4 48. Ra2 Ng6 49. Bd8 Nf4 50. h4 Ne6 51. Be7 Kg6 52. Ra6 Bh8 53. hxg5
hxg5 54. Kg4 Bf6 55. Bxf6 Kxf6 56. g3 Kg6 57. Rb6 Kf6 58. Kh5 Ke7 59. Rxe6+
Kxe6 60. Kxg5 Ke7 61. Kf5 f6 62. g4 Kf7 63. g5 1-0

[Event "Int. Championship of Central Serbia - OP"]
[Site "Paracin"]
[Date "2011.07.12"]
[Round "5.41"]
[White "Prijovic, Bojan"]
[Black "Savic, Dragan"]
[Result "0-1"]
[WhiteElo "1957"]
[BlackElo "2160"]
[PlyCount "74"]
[EventDate "2011.07.08"]

1. e4 e6 2. d4 d5 3. exd5 exd5 4. Nf3 Bd6 5. Bd3 Ne7 6. Bg5 f6 7. Bh4 O-O 8.
O-O Nf5 9. Bg3 Bxg3 10. hxg3 Re8 11. c3 g6 12. Nbd2 Nd6 13. Qc2 Bf5 14. Rfe1
Bxd3 15. Qxd3 Nd7 16. b3 Nf8 17. Rxe8 Qxe8 18. Re1 Qf7 19. c4 dxc4 20. bxc4 c6
21. a4 Rd8 22. Re3 Nf5 23. Re4 Ne6 24. Qc3 Qd7 25. Nb3 g5 26. Qe1 Kf7 27. Qb4
h5 28. Nc5 Nxc5 29. Qxc5 b6 30. Qb4 g4 31. Nh4 Nxd4 32. Qb1 Ne6 33. Kh2 Qd1 34.
Qb4 Nc5 35. Re3 Qf1 36. Re1 Qxf2 37. Qb1 Rd3 0-1

[Event "Int. Championship of Central Serbia - OP"]
[Site "Paracin"]
[Date "2011.07.12"]
[Round "5.42"]
[White "Steiner, Bruno"]
[Black "Osmanovic, Faruk"]
[Result "1-0"]
[WhiteElo "2207"]
[BlackElo "2053"]
[PlyCount "107"]
[EventDate "2011.07.08"]

1. d4 Nf6 2. Nc3 d5 3. Bg5 Bf5 4. e3 Nbd7 5. Bd3 Bxd3 6. cxd3 c6 7. Nf3 h6 8.
Bxf6 Nxf6 9. O-O e6 10. a3 Be7 11. Qd2 O-O 12. Ne5 Nd7 13. f4 Nxe5 14. fxe5 c5
15. dxc5 Bxc5 16. d4 Be7 17. Ne2 Rc8 18. Nf4 Rc6 19. Rf2 Qc7 20. Qe2 Bg5 21.
Nd3 Rc8 22. Raf1 Rc2 23. Qf3 Rxf2 24. Rxf2 b6 25. g3 Qd7 26. h4 Bd8 27. Nf4
Rc1+ 28. Kh2 Qc7 29. e4 dxe4 30. Qxe4 Qc6 31. d5 exd5 32. Nxd5 Rc5 33. Rd2 Qc8
34. Ne3 Be7 35. Rd5 Rxd5 36. Nxd5 Bf8 37. Qe2 Qe6 38. Nf4 Qb3 39. Kh3 Bc5 40.
h5 Be3 41. Qf3 a5 42. Nd5 a4 43. Nxe3 Qxb2 44. Qa8+ Kh7 45. Qe4+ Kg8 46. e6
fxe6 47. Qxe6+ Kf8 48. Nf5 Qf6 49. Qxf6+ gxf6 50. Nd6 Ke7 51. Nc8+ Kd7 52.
Nxb6+ Kc6 53. Nxa4 Kb5 54. Kg4 1-0

[Event "Int. Championship of Central Serbia - OP"]
[Site "Paracin"]
[Date "2011.07.12"]
[Round "5.43"]
[White "Suc, Timothy"]
[Black "Markovic, Sasa"]
[Result "1/2-1/2"]
[WhiteElo "2025"]
[BlackElo "2198"]
[PlyCount "50"]
[EventDate "2011.07.08"]

1. e4 c5 2. b3 e5 3. Bb2 d6 4. Bc4 Nf6 5. d3 a6 6. a4 Nc6 7. Nc3 Rb8 8. Nge2
Bg4 9. f3 Be6 10. O-O Be7 11. Bxe6 fxe6 12. f4 O-O 13. Ng3 Qd7 14. f5 Rf7 15.
fxe6 Qxe6 16. Nf5 Bf8 17. Ne3 g6 18. Ncd5 Bh6 19. Nxf6+ Rxf6 20. Nd5 Rxf1+ 21.
Qxf1 Rf8 22. Qe2 Ne7 23. Nxe7+ Qxe7 24. Bc1 Bxc1 25. Rxc1 Qg5 1/2-1/2

[Event "Int. Championship of Central Serbia - OP"]
[Site "Paracin"]
[Date "2011.07.12"]
[Round "5.46"]
[White "Ivanovic, Andrej"]
[Black "Milosevic, Rade"]
[Result "1/2-1/2"]
[WhiteElo "2001"]
[BlackElo "2105"]
[PlyCount "83"]
[EventDate "2011.07.08"]

1. d4 Nf6 2. c4 e6 3. Nf3 Bb4+ 4. Nbd2 c5 5. a3 Bxd2+ 6. Bxd2 cxd4 7. Nxd4 d5
8. cxd5 Qxd5 9. e3 Bd7 10. Qf3 Qxf3 11. Nxf3 Nc6 12. Bc3 Ke7 13. b4 a6 14. Bd3
Rhc8 15. O-O Na7 16. Rfc1 Bb5 17. Bxf6+ Kxf6 18. Be4 Bc6 19. Bxc6 Nxc6 20. Kf1
e5 21. Nd2 Ke7 22. Nb3 b6 23. Rc2 Na7 24. Rac1 Rxc2 25. Rxc2 Rc8 26. Rxc8 Nxc8
27. Ke2 Nd6 28. a4 Ne4 29. a5 bxa5 30. Nxa5 Kd6 31. Nc4+ Kd5 32. Na3 f6 33. f3
Nc3+ 34. Kd3 Na4 35. e4+ Kc6 36. Kc2 Nb6 37. Kb3 g6 38. Nb1 Kb5 39. Nc3+ Kc6
40. Nb1 Kb5 41. Nc3+ Kc6 42. Nb1 1/2-1/2

[Event "Int. Championship of Central Serbia - OP"]
[Site "Paracin"]
[Date "2011.07.12"]
[Round "5.47"]
[White "Markoja, Sebastijan"]
[Black "Shabanaj, Eglantina"]
[Result "1-0"]
[WhiteElo "1923"]
[BlackElo "2084"]
[PlyCount "91"]
[EventDate "2011.07.08"]

1. e4 e6 2. d4 d5 3. Nc3 Bb4 4. Nge2 dxe4 5. a3 Bxc3+ 6. Nxc3 f5 7. f3 exf3 8.
Qxf3 Qh4+ 9. g3 Qxd4 10. Bf4 c6 11. Rd1 Qf6 12. Qe3 Ne7 13. Be5 Qf7 14. Bxb8
O-O 15. Be5 Nd5 16. Nxd5 exd5 17. Bg2 Bd7 18. O-O Rae8 19. Rde1 Re6 20. Qxa7 b5
21. Qf2 g5 22. Bc3 h5 23. Rxe6 Bxe6 24. Qd4 Kh7 25. Re1 Re8 26. Qf6 Qxf6 27.
Bxf6 Kg6 28. Bd4 Kf7 29. Bf3 g4 30. Bg2 Rc8 31. Bc5 Ra8 32. Kf2 Ra4 33. b3 Ra8
34. Bf1 Rh8 35. Bd3 h4 36. Kg2 Rh5 37. Bd4 Rh6 38. a4 bxa4 39. bxa4 c5 40. Bxc5
d4 41. Re5 f4 42. gxf4 Rf6 43. f5 Ba2 44. Re7+ Kg8 45. Re8+ Kh7 46. Bxd4 1-0

[Event "Int. Championship of Central Serbia - OP"]
[Site "Paracin"]
[Date "2011.07.12"]
[Round "5.49"]
[White "Uyanik, Mehmet"]
[Black "Rodic, Dragan"]
[Result "0-1"]
[WhiteElo "1719"]
[BlackElo "2063"]
[PlyCount "96"]
[EventDate "2011.07.08"]

1. e4 e6 2. d4 d5 3. Nc3 Nf6 4. e5 Nfd7 5. f4 g6 6. Nf3 c5 7. Bd3 Nc6 8. Be3
Qb6 9. Na4 Qa5+ 10. c3 cxd4 11. Bxd4 b5 12. b4 Qxa4 13. Qe2 Rb8 14. O-O Be7 15.
h4 h5 16. Be3 Bd8 17. Bd2 Ne7 18. Kh2 Nf5 19. Bxf5 gxf5 20. Qf2 Nf8 21. Be3 Rb7
22. Bc5 Bb6 23. Ng5 Bxc5 24. Qxc5 Bd7 25. Rf3 Qa6 26. Qf2 Qb6 27. Qg3 Ng6 28.
Rd3 Rc7 29. Nf3 Rc4 30. Nd4 Qd8 31. Nf3 Nxf4 32. Qg7 Ng6 33. g3 Qe7 34. Nd4 Qf8
35. Qf6 Ne7 36. Nb3 Qh6 37. Na5 Rc7 38. Re1 Kf8 39. Nb3 Qxf6 40. exf6 Ng8 41.
Nd2 Nxf6 42. Kg2 Ne4 43. Nxe4 fxe4 44. Rde3 f5 45. Rf1 Ke7 46. a3 Rhc8 47. g4
fxg4 48. Kg3 Rxc3 0-1

[Event "Int. Championship of Central Serbia - OP"]
[Site "Paracin"]
[Date "2011.07.12"]
[Round "5.50"]
[White "Bolt, Graham"]
[Black "Draskovic, Luka"]
[Result "1/2-1/2"]
[WhiteElo "2074"]
[BlackElo "2135"]
[PlyCount "52"]
[EventDate "2011.07.08"]

1. g3 d5 2. Bg2 Nf6 3. d3 c6 4. Nd2 e5 5. e4 dxe4 6. dxe4 Be7 7. Ngf3 Qc7 8.
O-O O-O 9. Re1 Nbd7 10. c3 Rd8 11. Qc2 b6 12. b3 Ba6 13. c4 Nc5 14. Bf1 Ne6 15.
Bb2 Nd7 16. Bh3 Nef8 17. Qc3 f6 18. b4 Nb8 19. Nb3 Bc8 20. Bxc8 Qxc8 21. c5 Qe6
22. cxb6 axb6 23. a3 Na6 24. Nbd2 b5 25. Nb3 Rac8 26. Red1 Rxd1+ 1/2-1/2